Mortgage lending fundamentals and practices (Record no. 220660)

MARC details
000 -LEADER
fixed length control field 00382nam a2200145Ia 4500
008 - FIXED-LENGTH DATA ELEMENTS--GENERAL INFORMATION
fixed length control field 230917s9999||||xx |||||||||||||| ||und||
040 ## - CATALOGING SOURCE
-- 77844
Original cataloging agency VIVEKANANDA LIBRARY
041 ## - Language
-- English
082 ## - DDC NUMBER
Classification number 332.722 D424M
100 ## - MAIN ENTRY--PERSONAL NAME
Personal name Dennis, Marshall W
245 #0 - TITLE STATEMENT
Title Mortgage lending fundamentals and practices
260 ## - PUBLICATION, DISTRIBUTION, ETC. (IMPRINT)
Place of publication, distribution, etc Reston
Name of publisher, distributor, etc Reston Publishing
Date of publication, distribution, etc 1981
300 ## - PHYSICAL DESCRIPTION
Pages xvi, 366 p.
942 ## - ADDED ENTRY ELEMENTS (KOHA)
Koha item type Books
Holdings
Withdrawn status Lost status Damaged status Not for loan Location (home branch) Sublocation or collection (holding branch) Date acquired Koha issues (times borrowed) Koha full call number Accession No. Koha date last seen Koha item type
        VIVEKANANDA LIBRARY VIVEKANANDA LIBRARY 04/03/2003   332.722 D424M 86247 17/09/2023 Books
© Designed and Maintained by Vivekananda Library, MDU Rohtak